|
|
|
|
| LEADER |
00992nam a22002892a 4500 |
| 001 |
000811313 |
| 003 |
CZ BrMZK |
| 005 |
20120515140557.0 |
| 007 |
ta |
| 008 |
060314s1990 pl er|||||||||||pol d |
| 040 |
|
|
|a BOA001
|b cze
|
| 041 |
1 |
|
|a pol
|h fre
|
| 080 |
9 |
|
|a 37.015.4
|
| 100 |
1 |
|
|a Bourdieu, Pierre,
|d 1930-2002
|7 jn20010602372
|4 aut
|
| 245 |
1 |
0 |
|a Reprodukcja :
|b elementy teorii systemu nauczania /
|c Pierre Bourdieu, Jean-Claude Passeron
|
| 250 |
|
|
|a 1. wyd.
|
| 260 |
|
|
|a Warszawa :
|b Państwowe Wydawnictwo Naukowe,
|c 1990
|
| 300 |
|
|
|a 295 s.
|
| 500 |
|
|
|a Přeloženo z francouzštiny
|
| 700 |
1 |
|
|a Passeron, Jean-Claude,
|d 1930-
|7 mzk2012698126
|4 aut
|
| 765 |
0 |
|
|t La reproduction
|9 Polsky
|
| 910 |
|
|
|a BOA001
|b PK-0114.751
|
| 964 |
|
|
|a Vzdělání - společnost - studie
|
| 964 |
|
|
|a Vzdělání - struktura - studie
|
| 964 |
|
|
|a Sociologie pedagogická - studie
|
| 990 |
|
|
|a BK
|
| 996 |
7 |
|
|b 3119656958
|c PK-0114.751
|l MZK
|r Sklad / do 1 hodiny
|n 4
|w 000811313
|u 000010
|a 1
|e BOA001
|j MZK50
|s A
|